| 000 | 00762nam a2200253Ia 4500 | ||
|---|---|---|---|
| 003 | OSt | ||
| 005 | 20221005055131.0 | ||
| 006 | a|||||r|||| 00| 0 | ||
| 007 | ta | ||
| 008 | 221004b |||||||| |||| 00| 0 eng d | ||
| 020 |
_a0786421169 (pbk) _c1747.01 |
||
| 024 | _a87155 | ||
| 037 |
_b0884, 26/03/2007, Knowledge World _cTextual |
||
| 040 |
_aCRL _cCRL _beng |
||
| 041 |
_2eng _aeng |
||
| 082 | _aQ:36, P5 | ||
| 100 |
_aLester David _986347 |
||
| 245 | 0 |
_aIs there life after death? _b an examination of the empirical evidence |
|
| 260 |
_aLondon _bMcFarland & Co. UK _c2005 |
||
| 300 |
_avi,250p. _ccm. |
||
| 650 | _aRELIGION | ||
| 942 |
_hQ:36, P5 _cTEXL _2cc |
||
| 999 |
_c964612 _d964612 |
||